[Event "36th Zalakaros Open 2017"]
[Site "Zalakaros HUN"]
[Date "2017.05.20"]
[Round "3.2"]
[White "Gasanov, Eldar"]
[Black "Banusz, Tamas"]
[Result "0-1"]
[WhiteTitle "GM"]
[BlackTitle "GM"]
[WhiteElo "2484"]
[BlackElo "2616"]
[WhiteFideId "14104466"]
[BlackFideId "722413"]
[EventDate "2017.05.18"]

1. c4 Nf6 2. Nc3 e5 3. e3 Bb4 4. Nge2 O-O 5. a3 Be7 6. d4 exd4 7. Qxd4 Na6 8.
Qd1 Nc5 9. Nf4 a5 10. b3 c6 11. Be2 d6 12. Nd3 Bf5 13. Nxc5 dxc5 14. f3 Bd6 15.
e4 Bg6 16. Be3 Qc7 17. g3 h5 18. Qc2 h4 19. O-O-O hxg3 20. hxg3 Bxg3 21. Bxc5
Rfd8 22. Rxd8+ Rxd8 23. Rd1 Be5 24. Rxd8+ Qxd8 25. Qd2 Qc7 26. Be3 Nh5 27. c5
Nf4 28. Bd1 f5 29. b4 axb4 30. axb4 fxe4 31. fxe4 Bf7 32. Bd4 Ne6 33. Bxe5 Qxe5
34. Bb3 Nd4 35. Bxf7+ Kxf7 36. Qa2+ Ke7 37. Qg8 Qg5+ 38. Kb1 Qg2 39. Qa2 Qf1+
40. Kb2 Qf2+ 41. Ka1 Qe1+ 0-1

[Event "36th Zalakaros Open 2017"]
[Site "Zalakaros HUN"]
[Date "2017.05.20"]
[Round "3.3"]
[White "Puranik, Abhimanyu"]
[Black "Svane, Rasmus"]
[Result "1-0"]
[WhiteTitle "IM"]
[BlackTitle "GM"]
[WhiteElo "2459"]
[BlackElo "2573"]
[WhiteFideId "5061245"]
[BlackFideId "4657101"]
[EventDate "2017.05.18"]

1. e4 c6 2. Nf3 d5 3. Nc3 Nf6 4. e5 Ne4 5. Ne2 Qb6 6. d4 e6 7. Nfg1 f6 8. exf6
Nxf6 9. Nf3 c5 10. Nf4 cxd4 11. Bd3 Bd6 12. O-O e5 13. Re1 Nc6 14. Ng5 e4 15.
Nxd5 Nxd5 16. Nxe4 Nce7 17. c4 Nf6 18. Nxf6+ gxf6 19. Qh5+ Kd8 20. Bd2 a5 21.
Qf7 Bd7 22. g3 Bc5 23. Re2 Ng6 24. Rae1 Rf8 25. Qg7 Ne5 26. Rxe5 fxe5 27. Rxe5
Kc7 28. Qg5 Bb4 29. Bf4 Kc8 30. a3 h6 31. Qg7 Bd6 32. c5 Bxc5 33. Rd5 Be6 34.
Rh5 Rg8 35. Qe5 Bf8 36. Bf5 Kd7 37. Qd5+ Ke7 38. Bxe6 Rd8 39. Bd7 Bg7 40. Qe4+
Kf7 41. Rb5 Qf6 42. Qd5+ Ke7 43. Rxb7 1-0

[Event "36th Zalakaros Open 2017"]
[Site "Zalakaros HUN"]
[Date "2017.05.20"]
[Round "3.4"]
[White "Plenca, Jadranko"]
[Black "Danin, Alexandre"]
[Result "1/2-1/2"]
[WhiteTitle "IM"]
[BlackTitle "GM"]
[WhiteElo "2446"]
[BlackElo "2543"]
[WhiteFideId "14527146"]
[BlackFideId "4144031"]
[EventDate "2017.05.18"]

1. e4 e6 2. d4 d5 3. Nd2 c5 4. exd5 Qxd5 5. Ngf3 cxd4 6. Bc4 Qd6 7. O-O Nf6 8.
Nb3 Nc6 9. Nbxd4 Nxd4 10. Nxd4 a6 11. Re1 Qc7 12. Qe2 h6 13. g3 b5 14. Bxe6 fxe6
15. Nxe6 Bxe6 16. Qxe6+ Be7 17. a4 bxa4 18. Rxa4 Qd7 19. Qb3 Rf8 20. Bf4 Rf7 21.
Rxa6 Rxa6 22. Qb8+ Qd8 23. Qb5+ Kf8 24. Qxa6 Kg8 25. c3 Qd7 26. b4 Nd5 27. Qd3
Qf5 28. Qxf5 Rxf5 29. Re5 Rxe5 30. Bxe5 Nxb4 31. cxb4 Bxb4 32. Kg2 h5 33. f4 1/2-1/2

[Event "36th Zalakaros Open 2017"]
[Site "Zalakaros HUN"]
[Date "2017.05.20"]
[Round "3.5"]
[White "Kollars, Dmitrij"]
[Black "Saptarshi, Roy"]
[Result "1/2-1/2"]
[WhiteTitle "IM"]
[BlackTitle "IM"]
[WhiteElo "2503"]
[BlackElo "2407"]
[WhiteFideId "12909572"]
[BlackFideId "5008980"]
[EventDate "2017.05.18"]

1. e4 c5 2. Nf3 a6 3. c3 e6 4. d4 d5 5. exd5 exd5 6. Bd3 c4 7. Bc2 Bd6 8. O-O
Nc6 9. b3 cxb3 10. axb3 Nge7 11. Nbd2 O-O 12. Re1 Qc7 13. Nf1 Bf5 14. Ng3 Bxc2
15. Qxc2 Rac8 16. Bd2 Bf4 17. Bxf4 Qxf4 18. Re3 f5 19. Qd3 Qh6 20. Rae1 f4 21.
Re6 Rf6 22. Rxf6 Qxf6 23. Ne2 g5 24. h3 h6 25. Nc1 Nf5 26. c4 dxc4 27. Qxc4+ Qf7
28. Qd3 Nb4 29. Qe4 Qd5 30. Qb1 Rc2 31. Nd3 Nxd3 32. Re8+ Kf7 33. Qxc2 Kxe8 34.
Qxd3 1/2-1/2

[Event "36th Zalakaros Open 2017"]
[Site "Zalakaros HUN"]
[Date "2017.05.20"]
[Round "3.6"]
[White "Horvath, Adam1"]
[Black "Nisipeanu, Liviu-Dieter"]
[Result "0-1"]
[WhiteTitle "GM"]
[BlackTitle "GM"]
[WhiteElo "2469"]
[BlackElo "2686"]
[WhiteFideId "708003"]
[BlackFideId "1202758"]
[EventDate "2017.05.18"]

1. e4 e6 2. d4 d5 3. Nd2 c5 4. exd5 Qxd5 5. Ngf3 cxd4 6. Bc4 Qd7 7. O-O Nc6 8.
Nb3 a6 9. Nbxd4 Nxd4 10. Nxd4 Qc7 11. Qe2 Bd6 12. h3 Ne7 13. Re1 O-O 14. Nf3 b5
15. Bd3 Bb7 16. Ng5 h6 17. Ne4 Bh2+ 18. Kh1 Bf4 19. Bxf4 Qxf4 20. a4 b4 21. Kg1
a5 22. Qd2 Ng6 23. Bf1 Rfd8 24. Qxf4 Nxf4 25. Nc5 Bd5 26. Nd3 Nxd3 27. Bxd3 Rac8
28. Rad1 g5 29. f3 Kg7 30. Kf2 Kf6 31. Ke3 Bc6 32. Rd2 Rd5 33. b3 Rcd8 34. Kf2
h5 35. Rde2 Rd4 36. Ke3 h4 37. Rf2 e5 38. Rd2 Ke7 39. Rc1 Bb7 40. c3 bxc3 41.
Rxc3 Ba6 42. Rc7+ Kf8 43. Bxa6 Rxd2 44. Bc4 R8d7 45. Rc5 Rxg2 46. Rxa5 Re7 47.
Ra8+ Kg7 48. a5 Rg3 49. Ke4 Rxh3 50. a6 Rh1 0-1

[Event "36th Zalakaros Open 2017"]
[Site "Zalakaros HUN"]
[Date "2017.05.20"]
[Round "3.7"]
[White "Livaic, Leon"]
[Black "Nabaty, Tamir"]
[Result "0-1"]
[WhiteTitle "IM"]
[BlackTitle "GM"]
[WhiteElo "2464"]
[BlackElo "2640"]
[WhiteFideId "14531534"]
[BlackFideId "2809052"]
[EventDate "2017.05.18"]

1. d4 Nf6 2. c4 e6 3. Nf3 d5 4. Nc3 c6 5. cxd5 exd5 6. Qc2 g6 7. Bg5 Bf5 8. Qb3
Nbd7 9. Qxb7 Rb8 10. Qxc6 Rxb2 11. Bxf6 Qxf6 12. Qc8+ Qd8 13. Qxd8+ Kxd8 14. a3
Bg7 15. e3 Nc5 16. Be2 Kd7 17. Nxd5 Nb3 18. Rd1 Bc2 19. O-O Bxd1 20. Bxd1 Rc8
21. Ng5 Rc1 22. Bxb3 Rxf1+ 23. Kxf1 Rxb3 24. a4 Ra3 25. Ne4 Bf8 26. Nec3 Bb4 27.
Nxb4 Rxc3 28. Ke2 Kd6 29. Nd3 f5 30. Nc5 g5 31. Kf3 Rc2 32. h3 Kd5 33. g4 f4 34.
a5 fxe3 35. fxe3 Rh2 36. Kg3 Rh1 37. a6 Rf1 38. Kg2 Rf7 39. Kg3 h6 40. Kg2 Kc4
41. Kg3 Kc3 42. Kg2 Kd2 43. d5 Kxe3 44. d6 Rf2+ 45. Kg3 Rd2 46. d7 Rd5 47. h4
Rd2 48. h5 Rd1 49. Kg2 Rd5 50. Kf1 Kf3 51. Ke1 Rd6 0-1

[Event "36th Zalakaros Open 2017"]
[Site "Zalakaros HUN"]
[Date "2017.05.20"]
[Round "3.8"]
[White "Gupta, Abhijeet"]
[Black "Jarmula, Lukasz"]
[Result "1-0"]
[WhiteTitle "GM"]
[BlackTitle "IM"]
[WhiteElo "2626"]
[BlackElo "2469"]
[WhiteFideId "5010608"]
[BlackFideId "1160664"]
[EventDate "2017.05.18"]

1. d4 d5 2. c4 c6 3. Nf3 Nf6 4. Nc3 e6 5. Bg5 dxc4 6. e4 b5 7. e5 h6 8. Bh4 g5
9. Nxg5 hxg5 10. Bxg5 Nbd7 11. exf6 Bb7 12. h4 Qa5 13. Be2 O-O-O 14. O-O Bh6 15.
Ne4 Qc7 16. Bxh6 Rxh6 17. h5 c5 18. Qd2 Rhh8 19. Ng3 Nxf6 20. a4 Rdg8 21. axb5
Ne4 22. Qa5 Qf4 23. Ra3 c3 24. Rxc3 Nxc3 25. bxc3 Rg5 26. dxc5 Rxc5 27. Qxa7
Rxc3 28. b6 Rc1 29. Ba6 Rxf1+ 30. Nxf1 Qb8 31. Bxb7+ Qxb7 32. Qa5 Kd7 33. h6 f6
34. Qa4+ Ke7 35. Qg4 Kf8 36. Qxe6 Rxh6 37. Ne3 Qa8 38. Qd6+ Kf7 39. Qc7+ Kg6 40.
Qc2+ Kf7 41. Qc7+ Kg6 42. b7 Qh8 43. Qc2+ Kf7 44. Qc4+ Kg6 45. Qe4+ Kf7 46. g3
Qb8 47. Qc4+ Kg6 48. Qd3+ Kf7 49. Qd7+ Kg6 50. Qf5+ Kg7 51. Qc8 Rh8 52. Nf5+ Kg6
53. Nh4+ Kh6 54. Qg4 1-0

[Event "36th Zalakaros Open 2017"]
[Site "Zalakaros HUN"]
[Date "2017.05.20"]
[Round "3.9"]
[White "Erdos, Viktor"]
[Black "Nemeth, Miklos1"]
[Result "1/2-1/2"]
[WhiteTitle "GM"]
[BlackTitle "IM"]
[WhiteElo "2614"]
[BlackElo "2451"]
[WhiteFideId "719978"]
[BlackFideId "720232"]
[EventDate "2017.05.18"]

1. Nf3 Nf6 2. c4 e6 3. Nc3 b6 4. g3 Bb7 5. Bg2 Be7 6. d4 O-O 7. O-O Ne4 8. Bd2
Bf6 9. Be1 Nxc3 10. Bxc3 Be4 11. Qa4 d6 12. Rfd1 c6 13. c5 b5 14. Qa3 d5 15. Ba5
Qe7 16. Qc3 Na6 17. a4 Rab8 18. b4 Rb7 19. axb5 Rxb5 20. Bf1 Rfb8 21. Nd2 Nxb4
22. e3 R5b7 23. Nxe4 dxe4 24. Bxb4 Rxb4 25. Bg2 e5 26. d5 cxd5 27. Rxd5 Qe6 28.
Rad1 Rb1 29. Rd2 Qc6 30. Qc2 Rxd1+ 31. Rxd1 Rc8 32. Bxe4 Qxc5 33. Qxc5 Rxc5 34.
Rd7 Kf8 35. Rxa7 g6 36. Kg2 Bd8 37. Rd7 Ke8 38. Rb7 Bc7 39. h4 Kf8 40. Bb1 Kg7
41. Ba2 h5 42. Bb3 Kf8 43. Kf3 Kg7 44. Ke2 e4 45. Rb4 Re5 46. Bc2 f5 47. Rb7 Re7
48. Ba4 Kf6 49. Ra7 Be5 50. Rxe7 Kxe7 1/2-1/2

[Event "36th Zalakaros Open 2017"]
[Site "Zalakaros HUN"]
[Date "2017.05.20"]
[Round "3.10"]
[White "Vajda, Levente"]
[Black "Gazik, Viktor"]
[Result "1-0"]
[WhiteTitle "GM"]
[BlackTitle "IM"]
[WhiteElo "2600"]
[BlackElo "2449"]
[WhiteFideId "1203975"]
[BlackFideId "14928752"]
[EventDate "2017.05.18"]

1. Nf3 Nf6 2. g3 g6 3. Bg2 Bg7 4. O-O O-O 5. c4 d6 6. d4 Nbd7 7. Nc3 e5 8. e4 c6
9. h3 Qa5 10. d5 cxd5 11. cxd5 b5 12. Nd2 b4 13. Nb3 Qc7 14. Ne2 Ba6 15. Re1
Rfc8 16. Bd2 Qb6 17. Be3 Qb5 18. a3 Nb6 19. axb4 Nc4 20. Bc1 Rab8 21. Nd2 Qb7
22. Nb1 Ne8 23. Nec3 Nc7 24. Bf1 Nb5 25. Nxb5 Bxb5 26. b3 1-0

[Event "36th Zalakaros Open 2017"]
[Site "Zalakaros HUN"]
[Date "2017.05.20"]
[Round "3.11"]
[White "Nagy, Gabor1"]
[Black "Prohaszka, Peter2"]
[Result "1/2-1/2"]
[WhiteTitle "IM"]
[BlackTitle "GM"]
[WhiteElo "2446"]
[BlackElo "2596"]
[WhiteFideId "737119"]
[BlackFideId "726265"]
[EventDate "2017.05.18"]

1. e4 c6 2. d4 d5 3. Nd2 dxe4 4. Nxe4 Bf5 5. Ng3 Bg6 6. h4 h6 7. Nf3 e6 8. Ne5
Bh7 9. Bd3 Bxd3 10. Qxd3 Nd7 11. f4 Be7 12. Bd2 Nxe5 13. fxe5 Bxh4 14. O-O-O
Bxg3 15. Qxg3 Ne7 16. Qxg7 Rg8 17. Qxh6 Qd5 18. Bg5 Qxa2 19. c3 c5 1/2-1/2

[Event "36th Zalakaros Open 2017"]
[Site "Zalakaros HUN"]
[Date "2017.05.20"]
[Round "3.12"]
[White "Papp, Gabor1"]
[Black "Shvayger, Yuliya"]
[Result "1-0"]
[WhiteTitle "GM"]
[BlackTitle "WGM"]
[WhiteElo "2592"]
[BlackElo "2423"]
[WhiteFideId "718602"]
[BlackFideId "14100126"]
[EventDate "2017.05.18"]

1. Nf3 d5 2. d4 Nf6 3. c4 e6 4. g3 dxc4 5. Bg2 a6 6. O-O Nc6 7. e3 Rb8 8. Nfd2
Qd7 9. Nxc4 b5 10. Ncd2 Bb7 11. Nc3 Be7 12. Nb3 O-O 13. e4 a5 14. e5 Nd5 15. Ne4
Ba8 16. Qg4 f5 17. exf6 Nxf6 18. Nbc5 Bxc5 19. Nxc5 Qf7 20. Qxe6 Nxd4 21. Qxf7+
Kxf7 22. Bxa8 Rxa8 23. Kg2 Nc2 24. Rb1 Nb4 25. a4 bxa4 26. Ra1 Rfb8 27. Rxa4 Rb5
28. Bd2 Nc6 29. Rc1 Rxb2 30. Bc3 Rb5 31. Bxf6 gxf6 32. Rh4 Ne5 33. Rxh7+ Kg6 34.
Rxc7 a4 35. Ne6 a3 36. Rg7+ Kh6 37. Rcc7 a2 38. Nd4 Rh8 39. Nf5+ Kh5 40. Rc4 Ng6
41. g4+ Kg5 42. h4+ Rxh4 43. f4+ Kxg4 44. Ne3+ 1-0

[Event "36th Zalakaros Open 2017"]
[Site "Zalakaros HUN"]
[Date "2017.05.20"]
[Round "3.13"]
[White "Manea, Alexandru"]
[Black "Aleksandrov, Aleksej"]
[Result "1/2-1/2"]
[WhiteTitle "IM"]
[BlackTitle "GM"]
[WhiteElo "2410"]
[BlackElo "2559"]
[WhiteFideId "1207660"]
[BlackFideId "13500139"]
[EventDate "2017.05.18"]

1. d4 Nf6 2. c4 e6 3. Nc3 Bb4 4. Nf3 d5 5. Qa4+ Nc6 6. e3 O-O 7. Bd2 Re8 8. a3
Bd6 9. c5 Bf8 10. Bb5 Bd7 11. Qc2 Re7 12. b4 a6 13. Bxc6 Bxc6 14. Ne5 Be8 15.
O-O Nd7 16. f4 f6 17. Nf3 Bg6 18. Qb3 c6 19. Ne2 e5 20. dxe5 fxe5 21. Ng3 b6 22.
cxb6 Qxb6 23. f5 Bf7 24. Ng5 h6 25. Nxf7 Rxf7 26. Rae1 e4 27. Bc3 Nc5 28. Qa2
Nd3 29. Re2 Bd6 30. Nh5 Raf8 31. Qa1 Qc7 32. g4 Be5 33. Rg2 g6 34. Bxe5 Qxe5 35.
Qxe5 Nxe5 36. Nf4 gxf5 37. gxf5+ Kh7 38. Ng6 Re8 39. Nxe5 Rxe5 40. Rc2 Rexf5 41.
Rxf5 Rxf5 42. Rxc6 Rf3 43. Rxa6 Rxe3 44. Rd6 Rxa3 1/2-1/2

[Event "36th Zalakaros Open 2017"]
[Site "Zalakaros HUN"]
[Date "2017.05.20"]
[Round "3.14"]
[White "Shyam, Sundar M."]
[Black "Basso, Pier Luigi"]
[Result "1/2-1/2"]
[WhiteTitle "GM"]
[BlackTitle "IM"]
[WhiteElo "2535"]
[BlackElo "2447"]
[WhiteFideId "5019141"]
[BlackFideId "866970"]
[EventDate "2017.05.18"]

1. e4 e5 2. Nf3 Nc6 3. Bc4 Bc5 4. O-O Nf6 5. d3 O-O 6. a4 a6 7. h3 h6 8. c3 d6
9. Na3 Ne7 10. Be3 Bxe3 11. fxe3 Ng6 12. Bb3 Be6 13. a5 Bxb3 14. Qxb3 Qd7 15.
Nc4 Qb5 16. Qc2 Rfe8 17. Nfd2 Rad8 18. Rxf6 gxf6 19. Rf1 Re6 20. d4 exd4 21.
exd4 d5 22. Ne3 Qxa5 23. Nf5 Qb5 24. e5 Qe2 25. Nxh6+ Kf8 26. Ng4 fxe5 27. Rf2
Qe1+ 28. Rf1 Qe2 29. Rf2 Qe1+ 30. Rf1 1/2-1/2

[Event "36th Zalakaros Open 2017"]
[Site "Zalakaros HUN"]
[Date "2017.05.20"]
[Round "3.15"]
[White "Ikeda, Junta"]
[Black "Mihok, Oliver"]
[Result "0-1"]
[WhiteTitle "IM"]
[BlackTitle "GM"]
[WhiteElo "2412"]
[BlackElo "2532"]
[WhiteFideId "3204731"]
[BlackFideId "728012"]
[EventDate "2017.05.18"]

1. Nf3 Nf6 2. g3 g6 3. Bg2 Bg7 4. O-O O-O 5. c4 d6 6. d4 Nbd7 7. Nc3 e5 8. e4
exd4 9. Nxd4 Re8 10. Re1 a6 11. h3 Rb8 12. a4 Ne5 13. b3 Nfd7 14. Be3 Nc5 15.
Qc2 Ned3 16. Red1 Nb4 17. Qb1 Bd7 18. Rd2 a5 19. Qd1 Qc8 20. Kh2 Bc6 21. Qb1 Re7
22. Nd5 Bxd5 23. exd5 Qf8 24. Bg5 Re5 25. Bf4 Bh6 26. Bxh6 Qxh6 27. Qd1 Rbe8 28.
Nf3 R5e7 29. Bf1 Qg7 30. Rc1 Qf6 31. Kg2 Kg7 32. h4 h6 33. Rd4 Re4 34. Rxe4 Rxe4
35. Rb1 Qc3 36. Qd2 Qf6 37. Qb2 Qxb2 38. Rxb2 f5 39. Kg1 Kf6 40. Kg2 g5 41.
hxg5+ hxg5 42. Nd2 Re7 43. Nf3 g4 44. Nd4 Re1 45. Nb5 Nba6 46. Be2 Nxb3 47. Bxg4
Nbc5 48. Bh3 Re4 49. Rd2 Rxc4 50. Nd4 f4 51. gxf4 Ne4 52. Rd1 Nc3 53. Rd2 Nxd5
54. Kg3 Rxa4 55. Ne6 Nc3 56. f3 Nc5 57. Nxc5 dxc5 0-1

[Event "36th Zalakaros Open 2017"]
[Site "Zalakaros HUN"]
[Date "2017.05.20"]
[Round "3.16"]
[White "Havasi, Gergo"]
[Black "Horvath, Jozsef1"]
[Result "1/2-1/2"]
[BlackTitle "GM"]
[WhiteElo "2402"]
[BlackElo "2526"]
[WhiteFideId "760293"]
[BlackFideId "700061"]
[EventDate "2017.05.18"]

1. e4 c6 2. d4 d5 3. Nd2 dxe4 4. Nxe4 h6 5. Nf3 Bf5 6. Ng3 Bh7 7. Bd3 Bxd3 8.
Qxd3 Nd7 9. O-O Ngf6 10. Re1 e6 11. Nf5 Qc7 12. g3 g5 13. Qb3 O-O-O 14. Ne3 c5 1/2-1/2

[Event "36th Zalakaros Open 2017"]
[Site "Zalakaros HUN"]
[Date "2017.05.20"]
[Round "3.17"]
[White "Mikhalevski, Victor"]
[Black "Frolov, Artur"]
[Result "1-0"]
[WhiteTitle "GM"]
[BlackTitle "IM"]
[WhiteElo "2520"]
[BlackElo "2410"]
[WhiteFideId "2801914"]
[BlackFideId "14100134"]
[EventDate "2017.05.18"]

1. d4 Nf6 2. Nf3 g6 3. g3 Bg7 4. Bg2 d5 5. O-O O-O 6. c4 c6 7. Qb3 Qb6 8. Nc3
Be6 9. cxd5 Qxb3 10. axb3 Nxd5 11. Ra3 Nb4 12. Ng5 Nc2 13. Nxe6 fxe6 14. Ra4
Nxd4 15. Rb4 Na6 16. Rxb7 Nc5 17. Rb4 Rab8 18. Rc4 Ncxb3 19. e3 Nxc1 20. Rxc1
Nb3 21. Rc2 Rfd8 22. Bh3 Nd2 23. Bxe6+ Kh8 24. Rxc6 Nf3+ 25. Kf1 h5 26. Nd5 Bxb2
27. Nxe7 Ba3 28. Nxg6+ Kg7 29. Ba2 Nxh2+ 30. Kg2 Ng4 31. Nf4 Nf6 32. Ne6+ 1-0

[Event "36th Zalakaros Open 2017"]
[Site "Zalakaros HUN"]
[Date "2017.05.20"]
[Round "3.18"]
[White "Cuhendi, Sean Winshand"]
[Black "Antal, Gergely"]
[Result "0-1"]
[WhiteTitle "IM"]
[BlackTitle "GM"]
[WhiteElo "2407"]
[BlackElo "2517"]
[WhiteFideId "7101554"]
[BlackFideId "717312"]
[EventDate "2017.05.18"]

1. e4 c5 2. Nf3 e6 3. d4 cxd4 4. Nxd4 Nc6 5. Nc3 Qc7 6. Be3 a6 7. Qf3 Bd6 8.
O-O-O Be5 9. g3 Nge7 10. Qe2 b5 11. f4 Bxd4 12. Bxd4 Nxd4 13. Rxd4 Rb8 14. e5
Bb7 15. Bg2 Bxg2 16. Qxg2 b4 17. Ne4 O-O 18. Rhd1 Nd5 19. Rxd5 exd5 20. Nd6 a5
21. Qxd5 a4 22. Rd3 Qb6 23. Qd4 Qxd4 24. Rxd4 f6 25. Nc4 Rb7 26. b3 axb3 27.
axb3 Ra8 28. Kd2 fxe5 29. fxe5 Rc7 30. Ne3 Rc5 31. Nc4 Rc7 32. Ne3 Rc5 33. Nd5
Re8 34. Nxb4 Rcxe5 35. Rxd7 Re2+ 36. Kd3 Rxh2 37. Nc6 Rg2 38. b4 Rxg3+ 39. Kc4
h5 40. b5 Rg2 41. Ne7+ Kf8 42. Nf5 Rxc2+ 43. Kd3 Rc1 44. Rxg7 Re5 45. Rg5 Rf1
46. b6 Rexf5 47. b7 R5f3+ 0-1

[Event "36th Zalakaros Open 2017"]
[Site "Zalakaros HUN"]
[Date "2017.05.20"]
[Round "3.19"]
[White "Van Foreest, Lucas"]
[Black "Horvath, Dominik"]
[Result "1-0"]
[WhiteTitle "IM"]
[BlackTitle "FM"]
[WhiteElo "2489"]
[BlackElo "2275"]
[WhiteFideId "1039792"]
[BlackFideId "1642561"]
[EventDate "2017.05.18"]

1. c4 e6 2. Nf3 d5 3. g3 Nf6 4. Bg2 dxc4 5. Qa4+ Bd7 6. Qxc4 c5 7. Ne5 Qc8 8.
O-O Nc6 9. Nxd7 Qxd7 10. d3 Rc8 11. Qa4 Be7 12. Bxc6 Qxc6 13. Qxa7 b5 14. Qa3
Nd5 15. Qb3 c4 16. dxc4 bxc4 17. Qc2 Nb4 18. Qd1 O-O 19. Bd2 Rfd8 20. a3 Nd5 21.
Qc2 Rb8 22. Ba5 Rdc8 23. Nc3 Bf6 24. Rfc1 Rb3 25. e4 Nxc3 26. bxc3 h5 27. Bb4 h4
28. Re1 hxg3 29. hxg3 Be5 30. Rad1 g6 31. Re3 Kg7 32. Qd2 g5 33. Re2 Kg6 34. Qc2
Rh8 35. Red2 Qc8 36. Kg2 Qg8 37. Rh1 Rxh1 38. Kxh1 g4 39. Kg1 Qh8 40. Qd1 Qh3
41. Rc2 Bc7 42. a4 Bb6 43. Bd6 f6 44. Qf1 Qh5 45. Bf4 Qc5 46. Qd1 Qh5 47. Qf1
Qc5 48. Be3 Qc6 49. Bxb6 Rxb6 50. a5 Rb5 51. Qe2 f5 52. Ra2 Rb1+ 53. Kg2 Qd7 54.
Rd2 Qh7 55. exf5+ Kxf5 56. Rd5+ 1-0

[Event "36th Zalakaros Open 2017"]
[Site "Zalakaros HUN"]
[Date "2017.05.20"]
[Round "3.20"]
[White "Czebe, Attila"]
[Black "Del Rey, Diego"]
[Result "1/2-1/2"]
[WhiteTitle "GM"]
[BlackTitle "IM"]
[WhiteElo "2475"]
[BlackElo "2352"]
[WhiteFideId "705268"]
[BlackFideId "102164"]
[EventDate "2017.05.18"]

1. c4 e5 2. Nc3 Bb4 3. Nd5 Ba5 4. a3 c6 5. Nc3 d5 6. b4 Bb6 7. e3 Nf6 8. Bb2 O-O
9. Na4 Bc7 10. d3 a5 11. b5 d4 1/2-1/2

[Event "36th Zalakaros Open 2017"]
[Site "Zalakaros HUN"]
[Date "2017.05.20"]
[Round "3.21"]
[White "Pacan-Milej, Kosma"]
[Black "Praggnanandhaa, R"]
[Result "0-1"]
[WhiteTitle "FM"]
[BlackTitle "IM"]
[WhiteElo "2317"]
[BlackElo "2471"]
[WhiteFideId "21800537"]
[BlackFideId "25059530"]
[EventDate "2017.05.18"]

1. d4 d5 2. c4 e6 3. Nf3 Nf6 4. Nc3 a6 5. cxd5 exd5 6. Bg5 Be6 7. e3 Nbd7 8. Bd3
Bd6 9. Qc2 h6 10. Bh4 O-O 11. O-O c6 12. Rab1 Qc7 13. b4 Nh5 14. a4 b5 15. a5 f5
16. Ne2 g5 17. Bg3 f4 18. exf4 gxf4 19. Bh4 Ng7 20. Nc1 Kh8 21. Bg6 Bf5 22. Bxf5
Nxf5 23. Nd3 Rae8 24. Rbc1 Nb8 25. Nde5 Qg7 26. Qd2 Bxe5 27. dxe5 Nxh4 28. Nxh4
Rxe5 29. Rfe1 Rg5 30. Kh1 Rg4 31. Nf3 Rxg2 32. Re6 Rg6 33. Rce1 Rxe6 34. Rxe6
Qa1+ 35. Kg2 Qg7+ 36. Kh1 Nd7 37. Rxc6 Nf6 38. Qd4 Kh7 39. Qe5 Rf7 40. Qf5+ Kg8
41. Ne5 Rf8 42. Ng6 f3 43. Qe6+ Rf7 44. Rc8+ Kh7 45. Rh8+ Kxg6 0-1

[Event "36th Zalakaros Open 2017"]
[Site "Zalakaros HUN"]
[Date "2017.05.20"]
[Round "3.22"]
[White "Rapport, Richard"]
[Black "Gara, Anita"]
[Result "1/2-1/2"]
[WhiteTitle "GM"]
[BlackTitle "IM"]
[WhiteElo "2698"]
[BlackElo "2373"]
[WhiteFideId "738590"]
[BlackFideId "709751"]
[EventDate "2017.05.18"]

1. e4 c5 2. Nc3 Nc6 3. Bb5 Nd4 4. Nf3 a6 5. Bd3 Nxf3+ 6. Qxf3 e6 7. b3 Qc7 8.
Bb2 Ne7 9. O-O Ng6 10. Ne2 Bd6 11. Qh3 f6 12. a4 b6 13. g3 Bb7 14. f4 O-O-O 15.
c4 Ne7 16. Qh5 Nc6 17. Rae1 Rdf8 18. Bb1 Kb8 19. h3 g6 20. Qh6 Rf7 21. Kh2 Bf8
22. Qh4 Be7 23. f5 g5 24. Qh5 Rhf8 25. Qh6 Ka7 26. Rf2 Bd6 27. Ref1 Be5 28. Bc3 1/2-1/2

[Event "36th Zalakaros Open 2017"]
[Site "Zalakaros HUN"]
[Date "2017.05.20"]
[Round "3.23"]
[White "Markus, Robert"]
[Black "Ivic, Velimir"]
[Result "1-0"]
[WhiteTitle "GM"]
[BlackTitle "FM"]
[WhiteElo "2673"]
[BlackElo "2345"]
[WhiteFideId "921637"]
[BlackFideId "950122"]
[EventDate "2017.05.18"]

1. d4 Nf6 2. c4 g6 3. Nf3 Bg7 4. g3 O-O 5. Bg2 d6 6. O-O Nc6 7. Nc3 e5 8. d5 Nb8
9. c5 Na6 10. cxd6 cxd6 11. Nd2 Bd7 12. a4 Nb4 13. Nc4 Qc7 14. b3 Rfc8 15. Ba3
a5 16. Qd2 b6 17. Rac1 Qb8 18. Bxb4 axb4 19. Na2 Rc5 20. Nxb4 b5 21. axb5 Rxb5
22. Nc6 Bxc6 23. dxc6 d5 24. Ne3 e4 25. c7 Qc8 26. Qc2 Bf8 27. Qc6 d4 28. Qxb5 1-0

[Event "36th Zalakaros Open 2017"]
[Site "Zalakaros HUN"]
[Date "2017.05.20"]
[Round "3.24"]
[White "Efimenko, Zahar"]
[Black "Rapport, Jovana"]
[Result "1-0"]
[WhiteTitle "GM"]
[BlackTitle "WGM"]
[WhiteElo "2648"]
[BlackElo "2334"]
[WhiteFideId "14107201"]
[BlackFideId "937266"]
[EventDate "2017.05.18"]

1. e4 c6 2. d4 d5 3. exd5 cxd5 4. Bd3 Nc6 5. c3 e5 6. dxe5 Nxe5 7. Qe2 Qe7 8.
Bb5+ Nc6 9. Be3 Nf6 10. h3 g6 11. Nd2 Bg7 12. Bc5 Qxe2+ 13. Nxe2 Nd7 14. Bd6 Nb6
15. a4 Bd7 16. a5 Nc8 17. Bc5 Ne5 18. Bxd7+ Nxd7 19. Ba3 Bf8 20. Bxf8 Kxf8 21.
O-O-O Kg7 22. Nf4 Nf6 23. Rhe1 g5 24. Nd3 Nd6 25. Nf3 Nde4 26. Nd4 Rhc8 27. Nf5+
Kf8 28. f3 Nc5 29. Re7 Nb3+ 30. Kb1 Re8 31. Rxb7 Nxa5 32. Rc7 Nc4 33. Nd4 Rec8
34. Rxc8+ Rxc8 35. g4 a5 36. b3 Nb6 37. Kc2 a4 38. Ra1 axb3+ 39. Kxb3 Ra8 40.
Rh1 Nc4 41. Nb4 Ra3+ 42. Kc2 Ne3+ 43. Kd2 Nc4+ 44. Kd3 Ne5+ 45. Kc2 Ng6 46. Nf5
Ne5 47. Rf1 Ng6 48. Rd1 Ra5 49. Kb3 Nf4 50. Rh1 h5 51. gxh5 N4xh5 52. h4 g4 53.
fxg4 Nxg4 54. Rf1 Ngf6 55. Ne3 Ne4 56. Rd1 Nf4 57. Nexd5 Nxd5 58. Nxd5 Ra6 59.
Rd4 f5 60. Ne3 Rf6 61. Kc2 Nd6 62. Ra4 Kg7 63. Ra7+ Nf7 64. c4 f4 65. Ng4 Rf5
66. Kd3 f3 67. Ke3 Kg6 68. Rxf7 1-0